El libro del crimen (Registro nro. 11925)
[ vista simple ]
| 000 -Cabecera | |
|---|---|
| Campo de control de longitud fija | 00867ntm a22003617a 4500 |
| 005 - Fecha y hora de la última transacción | |
| Campo de control | 20260223170900.0 |
| 008 - Elementos de longitud fija--Información general | |
| Campo de control de longitud fija | 190523b2017 xxu||||| |||| 00| 0 spa d |
| 020 ## - International Standard Book Number | |
| Número Internacional Estándar del Libro (ISBN) | 9788446046394 |
| 041 ## - Idioma | |
| Código de idioma | Español |
| 082 ## - Clasificación Decimal Dewey | |
| Número de clasificación | 364 J27L |
| 100 ## - Entrada principal--Autor personal | |
| Nombre personal | James, Peter |
| 9 (RLIN) | 53628 |
| 245 ## - Título propiamente dicho | |
| Título | El libro del crimen |
| 260 ## - Pie de imprenta | |
| Lugar de publicación, distribución, etc. | España |
| 260 ## - Pie de imprenta | |
| Nombre del editor, distribuidor, etc. | Akal |
| 260 ## - Pie de imprenta | |
| Fecha de publicación, distribución, etc. | 2017 |
| 300 ## - Descripción física | |
| Extensión | 352 páginas |
| 490 ## - Serie | |
| Título de la Serie | Investigación Criminal |
| 650 ## - Materia general | |
| Temática (materia general) | CRIMINOLOGÍA |
| 650 ## - Materia general | |
| Temática (materia general) | CRIMEN |
| 650 ## - Materia general | |
| Temática (materia general) | BANDIDOS |
| 650 ## - Materia general | |
| Temática (materia general) | LADRONES |
| 650 ## - Materia general | |
| Temática (materia general) | CRIMINALES RECONOCIDOS |
| 650 ## - Materia general | |
| Temática (materia general) | PIRÓMANOS |
| 650 ## - Materia general | |
| Temática (materia general) | ESTAFADORES |
| 650 ## - Materia general | |
| Temática (materia general) | CRÍMENES DE GUANTE BLANCO |
| 650 ## - Materia general | |
| Temática (materia general) | CRIMEN ORGANIZADO |
| 650 ## - Materia general | |
| Temática (materia general) | SECUESTRO |
| 650 ## - Materia general | |
| Temática (materia general) | EXTORSIÓN |
| 650 ## - Materia general | |
| Temática (materia general) | ASESINATOS |
| 650 ## - Materia general | |
| Temática (materia general) | ASESINOS EN SERIE |
| 650 ## - Materia general | |
| Temática (materia general) | ASESINOS POLÍTICOS |
| 942 ## - Punto de acceso adicional KOHA | |
| Tipo de ítem KOHA | Libro |
| Fuente del sistema de clasificación o colocación | Dewey Decimal Classification |
| Signatura completa | Código de barras | Programa Académico | Tipo de ítem |
|---|---|---|---|
| 364 J27L | 24320 | Investigación Criminal | Libro |